Aids to worship; (Record no. 732)
[ view plain ]
| 000 -LEADER | |
|---|---|
| fixed length control field | 00585cam a2200217u 4500 |
| 001 - CONTROL NUMBER | |
| control field | 6461494 |
| 003 - CONTROL NUMBER IDENTIFIER | |
| control field | GBCCL |
| 005 - DATE AND TIME OF LATEST TRANSACTION | |
| control field | 20241126110344.0 |
| 008 - FIXED-LENGTH DATA ELEMENTS--GENERAL INFORMATION | |
| fixed length control field | 801223s1944 nyu 000 0 eng |
| 010 ## - | |
| -- | 44031995 |
| 040 ## - CATALOGING SOURCE | |
| Original cataloging agency | DLC |
| Transcribing agency | CarP |
| Modifying agency | DLC |
| 050 00 - | |
| -- | BV198 |
| -- | .P3 |
| 082 ## - DEWEY DECIMAL CLASSIFICATION NUMBER | |
| Classification number | 264 |
| Item number | PAL |
| 100 1# - MAIN ENTRY--PERSONAL NAME | |
| Personal name | Palmer, Albert W. |
| Fuller form of name | (Albert Wentworth), |
| Dates associated with a name | 1879-1954. |
| 9 (RLIN) | 952 |
| 245 10 - TITLE STATEMENT | |
| Title | Aids to worship; |
| 260 ## - PUBLICATION, DISTRIBUTION, ETC. | |
| Place of publication, distribution, etc. | New York, |
| Name of publisher, distributor, etc. | The Macmillan company, |
| Date of publication, distribution, etc. | 1944. |
| 300 ## - PHYSICAL DESCRIPTION | |
| Extent | p. cm. |
| 650 #0 - SUBJECT ADDED ENTRY--TOPICAL TERM | |
| Topical term or geographic name entry element | Liturgies. |
| 9 (RLIN) | 953 |
| 906 ## - LOCAL DATA ELEMENT F, LDF (RLIN) | |
| a | 0 |
| b | cbc |
| c | premunv |
| d | u |
| e | ncip |
| f | 19 |
| g | y-gencatlg |
| 942 ## - ADDED ENTRY ELEMENTS (KOHA) | |
| Source of classification or shelving scheme | Dewey Decimal Classification |
| Koha item type | Books |
| Koha issues (borrowed), all copies | 17 |
| Withdrawn status | Lost status | Source of classification or shelving scheme | Damaged status | Not for loan | Home library | Current Library | Shelving location | Date acquired | Total checkouts | Total renewals | Full call number | Barcode | Date last seen | Date last checked out | Copy number | Price effective from | Koha item type |
|---|---|---|---|---|---|---|---|---|---|---|---|---|---|---|---|---|---|
| Dewey Decimal Classification | GRACE BIBLE COLLEGE | GRACE BIBLE COLLEGE | Ministry & Mission | 2017-03-13 | 19 | 4 | 264 PAL | 001387 | 2025-05-01 | 2025-03-03 | c.1 | 2017-03-13 | Books |